| 000 | 00562nam a22001817a 4500 | ||
|---|---|---|---|
| 005 | 20251108175026.0 | ||
| 008 | 250721s2011 xx 000 0 ara d | ||
| 082 | 1 | 4 | _a923.1/جلا |
| 100 | 1 |
_aجلال، حسن _eمؤلف |
|
| 245 | 1 | 0 | _aنابليون بونابرت / |
| 264 | 1 |
_aالجيزة : _bالدار العالمية للكتب والنشر، _c2011. |
|
| 300 | _a152 ص. | ||
| 650 | 1 | 7 | _aالملوك و الحكام |
| 650 | 1 | 7 | _aالثورة الفرنسية |
| 653 | _aنابليون بونابرت | ||
| 942 |
_2ddc _cBK |
||
| 999 |
_c124264 _d124264 |
||